|
|
|
|
| LEADER |
00000nam0a2200000 4500 |
| 001 |
340695 |
| 005 |
20231102005251.0 |
| 035 |
|
|
|a (RuTPU)RU\TPU\book\367618
|
| 090 |
|
|
|a 340695
|
| 100 |
|
|
|a 20180404d1986 k y0rusy50 ca
|
| 101 |
0 |
|
|a rus
|
| 102 |
|
|
|a KZ
|
| 105 |
|
|
|a a dm 001zy
|
| 200 |
1 |
|
|a Определение ванадия разной степени окисления методами вольтамперометрии и амперометрического титрования
|e автореферат диссертации на соискание ученой степени кандидата химических наук
|e спец. 02.00.02
|f З. Т. Джаркешева
|g Казахский государственный университет (КазГУ) ; науч. рук. В. А. Захаров ; науч. конс. О. А. Сонгина
|
| 210 |
|
|
|a Алма-Ата
|c [Б. и.]
|d 1986
|
| 215 |
|
|
|a 19 с.
|c ил.
|
| 300 |
|
|
|a Защита сост. 19.05.1986 г.
|
| 320 |
|
|
|a Библиогр.: с. 18-19 (12 назв.)
|
| 606 |
1 |
|
|a Вольтамперометрия
|2 stltpush
|3 (RuTPU)RU\TPU\subj\3652
|9 32036
|
| 606 |
1 |
|
|a Титрование амперометрическое
|2 stltpush
|3 (RuTPU)RU\TPU\subj\60752
|9 77981
|
| 606 |
1 |
|
|a Ванадий
|x Химический анализ
|2 stltpush
|3 (RuTPU)RU\TPU\subj\2051
|9 30682
|
| 610 |
1 |
|
|a графитовые электроды
|
| 610 |
1 |
|
|a вольтамперометрическое поведение
|
| 610 |
1 |
|
|a оксиды ванадия
|
| 610 |
1 |
|
|a минерально-угольные пастовые электроды
|
| 610 |
1 |
|
|a авторефераты диссертаций
|
| 610 |
1 |
|
|a библиотека А. Г. Стромберга
|
| 675 |
|
|
|a 543.552(04)
|v 4
|
| 675 |
|
|
|a 543.553(04)
|v 4
|
| 675 |
|
|
|a 546.881(04)
|v 4
|
| 686 |
|
|
|a 02.00.02
|2 oksvnk
|
| 700 |
|
1 |
|a Джаркешева
|b З. Т.
|g Зульфи Тлеугажиевна
|
| 702 |
|
1 |
|a Захаров
|b В. А.
|4 727
|
| 702 |
|
1 |
|a Сонгина
|b О. А.
|4 695
|
| 712 |
0 |
2 |
|a Казахский государственный университет (КазГУ)
|c (Алма-Ата)
|2 stltpush
|3 (RuTPU)RU\TPU\col\8922
|
| 801 |
|
1 |
|a RU
|b 63413507
|c 20180404
|
| 801 |
|
2 |
|a RU
|b 63413507
|c 20180515
|g RCR
|
| 942 |
|
|
|c BK
|